[Event "MT_Janovec"]
[Site "?"]
[Date "2013.??.??"]
[Round "?"]
[White "Fejfar, Vlastimil"]
[Black "Nevole, Milan"]
[Result "1/2-1/2"]
[WhiteElo "2052"]
[BlackElo "2331"]
[PlyCount "42"]
[EventDate "2013.??.??"]
[EventType "corr"]
[EventRounds "2"]
[SourceDate "2010.08.23"]

1. e4 c5 2. Nf3 d6 3. d4 cxd4 4. Nxd4 Nf6 5. Nc3 a6 6. f4 e6 7. Qf3 e5 8. fxe5
dxe5 9. Nf5 Bxf5 10. Qxf5 Nbd7 11. Bd2 Bb4 12. O-O-O Rc8 13. g4 h6 14. Bd3 Qa5
15. Kb1 Bxc3 16. Bxc3 Rxc3 17. bxc3 Qxc3 18. h4 Qb4+ 19. Ka1 Qc3+ 20. Kb1 Qb4+
21. Kc1 Qc3 1/2-1/2

[Event "MT_Janovec"]
[Site "?"]
[Date "2013.??.??"]
[Round "?"]
[White "Kyzlink, Vladimir"]
[Black "Slavik, Miroslav"]
[Result "1/2-1/2"]
[WhiteElo "2071"]
[BlackElo "2235"]
[PlyCount "37"]
[EventDate "2013.??.??"]
[EventType "corr"]
[EventRounds "2"]
[SourceDate "2010.08.23"]

1. e4 c6 2. d4 d5 3. Nc3 dxe4 4. Nxe4 Nd7 5. Bd3 Ngf6 6. Nf3 Nxe4 7. Bxe4 Nf6
8. Bd3 Bg4 9. c3 e6 10. O-O Bd6 11. Bg5 Qa5 12. Bh4 Qh5 13. Bg3 O-O-O 14. Bxd6
Bxf3 15. Qxf3 Qxf3 16. gxf3 Rxd6 17. Rad1 Rhd8 18. Bc2 h6 19. Kg2 1/2-1/2

[Event "MT_Janovec"]
[Site "?"]
[Date "2013.??.??"]
[Round "?"]
[White "Goc, Pavel"]
[Black "Pressl, Ladislav"]
[Result "1-0"]
[WhiteElo "2118"]
[BlackElo "2155"]
[PlyCount "49"]
[EventDate "2013.??.??"]
[EventType "corr"]
[EventRounds "2"]
[SourceDate "2010.08.23"]

1. d4 Nf6 2. Nf3 d6 3. c4 Bg4 4. Qb3 b6 5. h3 Bd7 6. Bg5 e6 7. e3 Be7 8. Nbd2
c5 9. Bd3 O-O 10. O-O Bc6 11. Qc2 h6 12. Bh4 Nbd7 13. Rad1 Rc8 14. e4 cxd4 15.
Nxd4 Bb7 16. f4 d5 17. e5 dxc4 18. Nxc4 Nd5 19. Bxe7 Qxe7 20. Qf2 Nc5 21. Nd6
Rc7 22. Bb1 Ba6 23. Rfe1 Bb7 24. N4b5 Rd7 25. Nxa7 1-0

[Event "MT_Janovec"]
[Site "?"]
[Date "2013.??.??"]
[Round "?"]
[White "Pressl, Ladislav"]
[Black "Kyzlink, Vladimir"]
[Result "1-0"]
[WhiteElo "2155"]
[BlackElo "2071"]
[PlyCount "31"]
[EventDate "2013.??.??"]
[EventType "corr"]
[EventRounds "2"]
[SourceDate "2010.08.23"]

1. d4 Nf6 2. c4 c5 3. d5 e6 4. Bg5 exd5 5. cxd5 d6 6. Nc3 Be7 7. Nf3 O-O 8. e4
h6 9. Bf4 a6 10. a4 b6 11. Be2 Nbd7 12. O-O Bb7 13. e5 dxe5 14. Nxe5 Nxd5 15.
Nxd5 Bxd5 16. Qxd5 1-0

[Event "MT_Janovec"]
[Site "?"]
[Date "2013.??.??"]
[Round "?"]
[White "Slavik, Miroslav"]
[Black "Fejfar, Vlastimil"]
[Result "1/2-1/2"]
[WhiteElo "2235"]
[BlackElo "2052"]
[PlyCount "38"]
[EventDate "2013.??.??"]
[EventType "corr"]
[EventRounds "2"]
[SourceDate "2010.08.23"]

1. c4 e5 2. Nc3 Nf6 3. Nf3 Nc6 4. d4 exd4 5. Nxd4 Bc5 6. Nxc6 bxc6 7. e3 O-O 8.
Bd3 d5 9. Qc2 dxc4 10. Bxc4 Ng4 11. Be2 Qh4 12. g3 Qh3 13. Qe4 Rb8 14. Bf1 Qh6
15. h3 Nf6 16. Qf4 Qxf4 17. gxf4 Rd8 18. e4 Re8 19. f3 Nd5 1/2-1/2

[Event "MT_Janovec"]
[Site "?"]
[Date "2013.??.??"]
[Round "?"]
[White "Lucan, Zdenko"]
[Black "Svoboda, Josef"]
[Result "0-1"]
[WhiteElo "1613"]
[BlackElo "1908"]
[PlyCount "46"]
[EventDate "2013.??.??"]
[EventType "corr"]
[EventRounds "2"]
[SourceDate "2010.08.23"]

1. d4 Nf6 2. Bg5 e6 3. Nd2 h6 4. Bf4 Nc6 5. c3 d5 6. Ngf3 g5 7. Be3 Ng4 8. a3
Nxe3 9. fxe3 g4 10. Ne5 Nxe5 11. dxe5 Qg5 12. e4 Qxe5 13. g3 Bd7 14. Bg2 O-O-O
15. O-O Bc5+ 16. Kh1 Be3 17. Rxf7 Be8 18. Rf1 dxe4 19. Qc2 Rxd2 20. Qxe4 Qxe4
21. Bxe4 Bb5 22. b4 Rhd8 23. Bd3 Bc6+ 0-1

[Event "MT_Janovec"]
[Site "?"]
[Date "2013.??.??"]
[Round "?"]
[White "Vins, Karel"]
[Black "Stepan, Josef"]
[Result "1-0"]
[WhiteElo "1763"]
[BlackElo "1845"]
[PlyCount "45"]
[EventDate "2013.??.??"]
[EventType "corr"]
[EventRounds "2"]
[SourceDate "2010.08.23"]

1. e4 c6 2. d4 d5 3. Nc3 dxe4 4. Nxe4 Nd7 5. Nf3 Ngf6 6. Ng3 e6 7. Bd3 Bd6 8.
Be3 O-O 9. c3 Qb6 10. Qc2 c5 11. b3 Nd5 12. Bxh7+ Kh8 13. Be4 Nxe3 14. fxe3 Nf6
15. Bd3 Bd7 16. Ne2 Bc6 17. e4 cxd4 18. cxd4 Rac8 19. h3 Bxe4 20. Qd1 Nd5 21.
Bxe4 Ne3 22. Qd2 Bc5 23. dxc5 1-0

[Event "MT_Janovec"]
[Site "?"]
[Date "2013.??.??"]
[Round "?"]
[White "Stepan, Josef"]
[Black "Lucan, Zdenko"]
[Result "1-0"]
[WhiteElo "1845"]
[BlackElo "1613"]
[PlyCount "63"]
[EventDate "2013.??.??"]
[EventType "corr"]
[EventRounds "2"]
[SourceDate "2010.08.23"]

1. e4 e6 2. d4 d5 3. Nd2 Be7 4. exd5 exd5 5. Ngf3 Nf6 6. Bd3 Nc6 7. Nb3 Bg4 8.
O-O O-O 9. h3 Bxf3 10. Qxf3 g6 11. Bf4 Re8 12. Rfe1 Bf8 13. c3 a6 14. Rxe8 Nxe8
15. Rf1 Bd6 16. Bh6 Nf6 17. Bg5 Be7 18. Nc5 Rb8 19. h4 b5 20. Re1 Kg7 21. g4
Bxc5 22. dxc5 h6 23. Bc1 Qd7 24. Bxh6+ Kxh6 25. g5+ Kh7 26. gxf6 Nd8 27. Re7
Qc6 28. h5 d4 29. Qxc6 Nxc6 30. Rxf7+ Kg8 31. hxg6 Ne7 32. Rg7+ 1-0

[Event "MT_Janovec"]
[Site "?"]
[Date "2013.??.??"]
[Round "?"]
[White "Svoboda, Josef"]
[Black "Nevole, Milan"]
[Result "0-1"]
[WhiteElo "1908"]
[BlackElo "2331"]
[PlyCount "56"]
[EventDate "2013.??.??"]
[EventType "corr"]
[EventRounds "2"]
[SourceDate "2010.08.23"]

1. e4 c5 2. Nf3 d6 3. d4 cxd4 4. Nxd4 Nf6 5. Nc3 a6 6. Be2 e6 7. O-O Nc6 8. Be3
Be7 9. Qe1 d5 10. Nxc6 bxc6 11. e5 Nd7 12. f4 O-O 13. Qf2 Rb8 14. b3 f6 15. Qg3
Bc5 16. Bxc5 Nxc5 17. Rad1 Qe7 18. Qh4 Bd7 19. Rf3 Be8 20. Rh3 Bg6 21. Rd2 Qa7
22. Kh1 fxe5 23. fxe5 Nd7 24. Qg3 Rb4 25. Qe3 Qxe3 26. Rxe3 d4 27. Rf3 dxc3 28.
Rxd7 Re4 0-1

[Event "MT_Janovec"]
[Site "?"]
[Date "2013.??.??"]
[Round "?"]
[White "Fejfar, Vlastimil"]
[Black "Pressl, Ladislav"]
[Result "1/2-1/2"]
[WhiteElo "2052"]
[BlackElo "2155"]
[PlyCount "63"]
[EventDate "2013.??.??"]
[EventType "corr"]
[EventRounds "2"]
[SourceDate "2010.08.23"]

1. e4 e5 2. Nf3 Nc6 3. d4 exd4 4. Nxd4 Nf6 5. Nxc6 bxc6 6. Bd3 d6 7. O-O Be7 8.
Nc3 O-O 9. Bf4 c5 10. e5 dxe5 11. Bxe5 Bd6 12. Qf3 Rb8 13. Bxf6 Qxf6 14. Qxf6
gxf6 15. Rab1 Be5 16. Na4 Bd6 17. b3 Re8 18. Nc3 Be6 19. Rfe1 h6 20. Ne4 Kg7
21. c4 Rbd8 22. Rbd1 f5 23. Nxd6 Rxd6 24. f4 Red8 25. Re3 Rd4 26. g3 Kf6 27.
Kf2 Bc8 28. Ke2 Bb7 29. Kd2 Be4 30. Kc3 c6 31. Kc2 a5 32. Kc3 1/2-1/2

[Event "MT_Janovec"]
[Site "?"]
[Date "2013.??.??"]
[Round "?"]
[White "Kyzlink, Vladimir"]
[Black "Goc, Pavel"]
[Result "0-1"]
[WhiteElo "2071"]
[BlackElo "2118"]
[PlyCount "52"]
[EventDate "2013.??.??"]
[EventType "corr"]
[EventRounds "2"]
[SourceDate "2010.08.23"]

1. e4 e5 2. Nf3 Nc6 3. Bc4 Nf6 4. Ng5 d5 5. exd5 Na5 6. d3 h6 7. Nf3 e4 8. Qe2
Nxc4 9. dxc4 Bc5 10. h3 O-O 11. Nh2 c6 12. dxc6 e3 13. Bxe3 Bxe3 14. fxe3 Ne4
15. Nf1 bxc6 16. Qf3 Qa5+ 17. Nbd2 f5 18. c3 Rb8 19. Nxe4 fxe4 20. Qe2 Be6 21.
Qc2 Bxc4 22. Qxe4 Qb5 23. a4 Qxb2 24. Qxc4+ Kh8 25. Ra2 Qc1+ 26. Ke2 Rb1 0-1

[Event "MT_Janovec"]
[Site "?"]
[Date "2013.??.??"]
[Round "?"]
[White "Goc, Pavel"]
[Black "Fejfar, Vlastimil"]
[Result "1/2-1/2"]
[WhiteElo "2118"]
[BlackElo "2052"]
[PlyCount "56"]
[EventDate "2013.??.??"]
[EventType "corr"]
[EventRounds "2"]
[SourceDate "2010.08.23"]

1. e4 e5 2. Nf3 Nc6 3. d4 exd4 4. c3 dxc3 5. Bc4 cxb2 6. Bxb2 Bb4+ 7. Nc3 Nf6
8. Qc2 d6 9. O-O-O O-O 10. e5 Ng4 11. h4 Ncxe5 12. Ng5 g6 13. Nce4 Bf5 14. Qb3
Bxe4 15. Nxe4 c5 16. h5 g5 17. f3 Nxc4 18. Qxc4 b5 19. Qe2 c4 20. fxg4 c3 21.
Bxc3 Bxc3 22. Nxc3 Rc8 23. Kb2 Re8 24. Qf2 Re5 25. Nd5 Qa5 26. Rhf1 f5 27. gxf5
Rc5 28. Nf6+ Kg7 1/2-1/2

[Event "MT_Janovec"]
[Site "?"]
[Date "2013.??.??"]
[Round "?"]
[White "Slavik, Miroslav"]
[Black "Svoboda, Josef"]
[Result "1/2-1/2"]
[WhiteElo "2235"]
[BlackElo "1908"]
[PlyCount "26"]
[EventDate "2013.??.??"]
[EventType "corr"]
[EventRounds "2"]
[SourceDate "2010.08.23"]

1. d4 Nf6 2. c4 g6 3. Nc3 d5 4. Nf3 c6 5. cxd5 cxd5 6. e3 Nc6 7. Qa4 Bd7 8. Qb3
Na5 9. Qd1 e6 10. Bd3 Bd6 11. O-O O-O 12. Ne5 Be8 13. f4 Rc8 1/2-1/2

[Event "MT_Janovec"]
[Site "?"]
[Date "2013.??.??"]
[Round "?"]
[White "Nevole, Milan"]
[Black "Stepan, Josef"]
[Result "1-0"]
[WhiteElo "2331"]
[BlackElo "1845"]
[PlyCount "31"]
[EventDate "2013.??.??"]
[EventType "corr"]
[EventRounds "2"]
[SourceDate "2010.08.23"]

1. d4 Nf6 2. c4 g6 3. Nf3 Bg7 4. Nc3 O-O 5. e4 d6 6. Be2 e5 7. O-O Nc6 8. dxe5
dxe5 9. Be3 Be6 10. h3 Qxd1 11. Raxd1 Rad8 12. b4 Nh5 13. Nd5 Bxd5 14. cxd5
Nxb4 15. Bc4 Nxa2 16. Bxa2 1-0

[Event "MT_Janovec"]
[Site "?"]
[Date "2013.??.??"]
[Round "?"]
[White "Lucan, Zdenko"]
[Black "Vins, Karel"]
[Result "1/2-1/2"]
[WhiteElo "1613"]
[BlackElo "1763"]
[PlyCount "60"]
[EventDate "2013.??.??"]
[EventType "corr"]
[EventRounds "2"]
[SourceDate "2010.08.23"]

1. g3 e5 2. Bg2 c6 3. e3 d5 4. d3 Bd6 5. Nc3 Nf6 6. Nxd5 cxd5 7. Ne2 e4 8. d4
Bg4 9. h3 Be6 10. Nf4 Nc6 11. O-O Qd7 12. Nxe6 Qxe6 13. f4 g6 14. g4 Qe7 15. a3
O-O-O 16. h4 Qd7 17. Bh3 h5 18. Kf2 hxg4 19. Bg2 Rxh4 20. Rh1 Rdh8 21. Rxh4
Rxh4 22. Kg3 Rh8 23. Bd2 g5 24. c3 Nh5+ 25. Kf2 gxf4 26. exf4 Bxf4 27. Bxf4
Nxf4 28. Kg3 Nxg2 29. Kxg2 f5 30. Qd2 Qd6 1/2-1/2

[Event "MT_Janovec"]
[Site "?"]
[Date "2013.??.??"]
[Round "?"]
[White "Vins, Karel"]
[Black "Nevole, Milan"]
[Result "0-1"]
[WhiteElo "1763"]
[BlackElo "2331"]
[PlyCount "44"]
[EventDate "2013.??.??"]
[EventType "corr"]
[EventRounds "2"]
[SourceDate "2010.08.23"]

1. e4 c5 2. Nf3 d6 3. d4 cxd4 4. Nxd4 Nf6 5. Nc3 a6 6. Be3 e6 7. Bd3 Be7 8. O-O
Nbd7 9. Nce2 Ne5 10. f3 O-O 11. c4 Bd7 12. b3 d5 13. cxd5 exd5 14. exd5 Nxd5
15. Bf2 Nxd3 16. Qxd3 Re8 17. Qd1 Bg5 18. Re1 Ne3 19. Bxe3 Bxe3+ 20. Kh1 Qa5
21. a4 Rad8 22. Qc2 Bxd4 0-1

[Event "MT_Janovec"]
[Site "?"]
[Date "2013.??.??"]
[Round "?"]
[White "Stepan, Josef"]
[Black "Slavik, Miroslav"]
[Result "1/2-1/2"]
[WhiteElo "1845"]
[BlackElo "2235"]
[PlyCount "27"]
[EventDate "2013.??.??"]
[EventType "corr"]
[EventRounds "2"]
[SourceDate "2010.08.23"]

1. c4 e5 2. Nc3 Nc6 3. g3 Nf6 4. Bg2 Bc5 5. e3 d6 6. Nge2 a6 7. d4 Ba7 8. O-O
O-O 9. b3 Re8 10. Bb2 Bf5 11. Nd5 Rb8 12. dxe5 Nxe5 13. Bd4 Bxd4 14. Nxd4
1/2-1/2

[Event "MT_Janovec"]
[Site "?"]
[Date "2013.??.??"]
[Round "?"]
[White "Svoboda, Josef"]
[Black "Pressl, Ladislav"]
[Result "0-1"]
[WhiteElo "1908"]
[BlackElo "2155"]
[PlyCount "69"]
[EventDate "2013.??.??"]
[EventType "corr"]
[EventRounds "2"]
[SourceDate "2010.08.23"]

1. e4 e5 2. Nf3 Nc6 3. Bb5 Nf6 4. d3 Bc5 5. O-O O-O 6. Bxc6 dxc6 7. Bg5 h6 8.
Bh4 Qd6 9. h3 Qe7 10. c3 Bd6 11. Qb3 a5 12. Nbd2 a4 13. Qc2 Bd7 14. b4 axb3 15.
axb3 Rxa1 16. Rxa1 g5 17. Bg3 Nh5 18. Bh2 g4 19. Ne1 gxh3 20. Ra7 hxg2 21. Rxb7
Ra8 22. Nc4 Bc8 23. Nxd6 Qxd6 24. Rb4 Ra1 25. Qd2 Bh3 26. d4 f6 27. Qe3 Qe6 28.
dxe5 fxe5 29. Ra4 Rd1 30. c4 Nf4 31. Bxf4 exf4 32. Qe2 Bg4 33. f3 Bxf3 34. Qxf3
Rxe1+ 35. Kxg2 0-1

[Event "MT_Janovec"]
[Site "?"]
[Date "2013.??.??"]
[Round "?"]
[White "Fejfar, Vlastimil"]
[Black "Kyzlink, Vladimir"]
[Result "1-0"]
[WhiteElo "2052"]
[BlackElo "2071"]
[PlyCount "49"]
[EventDate "2013.??.??"]
[EventType "corr"]
[EventRounds "2"]
[SourceDate "2010.08.23"]

1. e4 c5 2. Nf3 d6 3. d4 cxd4 4. Nxd4 Nf6 5. Nc3 Nc6 6. Bg5 e6 7. Qd2 Be7 8.
O-O-O O-O 9. f4 h6 10. Bh4 Nxe4 11. Bxe7 Nxd2 12. Bxd8 Nxf1 13. Nxc6 bxc6 14.
Be7 Ne3 15. Bxf8 Nxd1 16. Rxd1 Kxf8 17. Rxd6 Bb7 18. Rd7 Ba6 19. Nd1 Bc4 20.
Ne3 Bd5 21. Kd2 Ke8 22. Rc7 Bxa2 23. b3 a5 24. Kc3 a4 25. Kb2 1-0

[Event "MT_Janovec"]
[Site "?"]
[Date "2013.??.??"]
[Round "?"]
[White "Goc, Pavel"]
[Black "Svoboda, Josef"]
[Result "1-0"]
[WhiteElo "2118"]
[BlackElo "1908"]
[PlyCount "87"]
[EventDate "2013.??.??"]
[EventType "corr"]
[EventRounds "2"]
[SourceDate "2010.08.23"]

1. d4 Nf6 2. Nf3 e6 3. Bg5 h6 4. Bxf6 Qxf6 5. e4 Nc6 6. c3 d5 7. Nbd2 Bd7 8.
Bd3 O-O-O 9. e5 Qe7 10. b4 g5 11. Nb3 f6 12. b5 Nb8 13. Nc5 Qg7 14. Qe2 Bxc5
15. dxc5 c6 16. a4 Qf8 17. exf6 Qxf6 18. Qe5 Qxe5+ 19. Nxe5 Be8 20. O-O Rf8 21.
Rfe1 Nd7 22. Nxd7 Bxd7 23. Rab1 Rf4 24. bxc6 Bxc6 25. Rxe6 Rdf8 26. Bb5 Bxb5
27. axb5 Rxf2 28. Rxh6 Rc2 29. Rh3 Rff2 30. Rg3 Rf5 31. h3 Kd7 32. Rf1 Re5 33.
Rf7+ Kc8 34. c6 bxc6 35. bxc6 a6 36. Ra7 Rc1+ 37. Kh2 Rf1 38. h4 Rf4 39. hxg5
Rh4+ 40. Kg1 Re1+ 41. Kf2 Rhe4 42. Rf3 R4e2+ 43. Kg3 Re3 44. g6 1-0

[Event "MT_Janovec"]
[Site "?"]
[Date "2013.??.??"]
[Round "?"]
[White "Pressl, Ladislav"]
[Black "Stepan, Josef"]
[Result "1-0"]
[WhiteElo "2155"]
[BlackElo "1845"]
[PlyCount "21"]
[EventDate "2013.??.??"]
[EventType "corr"]
[EventRounds "2"]
[SourceDate "2010.08.23"]

1. e4 Nf6 2. e5 Nd5 3. d4 d6 4. c4 Nb6 5. Nf3 Bg4 6. h3 Bh5 7. g4 Bg6 8. Bf4 e6
9. Nc3 Be7 10. Bg2 Nxc4 11. Qa4+ 1-0

[Event "MT_Janovec"]
[Site "?"]
[Date "2013.??.??"]
[Round "?"]
[White "Slavik, Miroslav"]
[Black "Vins, Karel"]
[Result "1-0"]
[WhiteElo "2235"]
[BlackElo "1763"]
[PlyCount "44"]
[EventDate "2013.??.??"]
[EventType "corr"]
[EventRounds "2"]
[SourceDate "2010.08.23"]

1. c4 e5 2. Nc3 Nf6 3. d4 exd4 4. Qxd4 b6 5. Nd5 Nxd5 6. cxd5 d6 7. Bh6 Qf6 8.
Qxf6 gxf6 9. Bxf8 Rxf8 10. e3 Ba6 11. Ne2 Nd7 12. Nd4 Bxf1 13. Kxf1 Rg8 14. Rc1
Nc5 15. b4 Na6 16. a3 Kd7 17. f3 Nb8 18. e4 Rc8 19. Rd1 c5 20. dxc6+ Nxc6 21.
Nf5 Rd8 22. Rxd6+ Ke8 1-0

[Event "MT_Janovec"]
[Site "?"]
[Date "2013.??.??"]
[Round "?"]
[White "Nevole, Milan"]
[Black "Lucan, Zdenko"]
[Result "1-0"]
[WhiteElo "2331"]
[BlackElo "1613"]
[PlyCount "53"]
[EventDate "2013.??.??"]
[EventType "corr"]
[EventRounds "2"]
[SourceDate "2010.08.23"]

1. e4 c6 2. d4 d5 3. exd5 cxd5 4. c4 Nf6 5. Nc3 e6 6. Nf3 Bb4 7. Bd3 dxc4 8.
Bxc4 Bxc3+ 9. bxc3 O-O 10. Bd3 b6 11. O-O Nbd7 12. Bf4 Nd5 13. Bd6 Re8 14. c4
N5f6 15. Ne5 Nxe5 16. dxe5 Nd7 17. Be4 Ba6 18. Qa4 Nc5 19. Bxc5 Bxc4 20. Bxa8
bxc5 21. Bc6 Bxf1 22. Bxe8 Bd3 23. Rd1 c4 24. Qxc4 Bxc4 25. Rxd8 Kf8 26. Bc6+
Ke7 27. Re8# 1-0